| 000 | 00899nam a2200253 a 4500 | ||
|---|---|---|---|
| 001 | BRCA_2899 | ||
| 005 | 20190320204024.0 | ||
| 008 | 111208s1852----mx-a---###---#000-0#spa-# | ||
| 041 | _aspa | ||
| 044 | _amx | ||
| 050 | 4 |
_aF1232 _b.A43 1852 |
|
| 100 | 1 |
_aAlcalde, Bernandino _98067 |
|
| 245 | 1 | 0 |
_aApuntes para servir a la historia de las convenciones diplomáticas celebradas por el Ministro de Relaciones Don José Fernando Ramírez en el año de 1851 _cpublícalos Bernardino Alcalde. |
| 260 |
_aMéxico _bImprenta de Juan R. Navarro _c1852 |
||
| 300 |
_a20 p. _bil. _c24 cm. |
||
| 500 | _aError en foliación 19-20 después 17-18 | ||
| 500 | _aB36 | ||
| 650 | 1 | 4 |
_aRelaciones internacionales _98068 |
| 651 | 4 |
_aMéxico _xRelaciones exteriores _98069 |
|
| 651 | 4 |
_aMéxico _xHistoria _y1821-1861 _9618 |
|
| 700 | 1 |
_aRamirez, José Fernando _d1804-1871 _98070 |
|
| 902 | _aGFM | ||
| 942 |
_2lcc _cB |
||
| 999 |
_c2638 _d2638 |
||